000 00882nam a22002417a 4500
001 22110
005 20260323115923.0
008 260320b |||||||| |||| 00| 0 spa d
041 _aESP
082 _a621.317
_bJ76
100 _aJouaneh, Musa
_eAUT
245 _aFundamentos de mecatrónica
260 _a :
_b ,
_c2017
300 _axi, 404 páginas :
_b
_c27 cm.
440 _a ;
650 _aTCA
654 _aCIM
700 _a;
856 _uhttps://itmsp.museknowledge.com/UCSP?url=https://www.ebooks7-24.com:443/?il=3819&pg=1
_zVersión digital (2016)
856 _uhttps://0u213tp41-y-https-ebooks7--24-com.itmsp.museknowledge.com/biblioteca.aspx
_zVéase además: Base de datos Ebook7-24
856 _uhttps://0u206tp46-y-https-ieeexplore-ieee-org.itmsp.museknowledge.com/Xplore/home.jsp
_zVéase además: Base de datos IEEE Xplore
942 _cLIB
_dJUS
_fJUS
_2ddc
999 _c22110
_d22110